Top 20 Most Islamic Countries - Statistics

General Stats
  • This quiz has been taken 6,956 times
  • The average score is 14 of 20
Answer Stats
Percent Country % Correct
98.8% Iran
92%
97.5% Iraq
91%
96.2% Pakistan
89%
99.1% Yemen
83%
98.5% Algeria
81%
99.7% Afghanistan
79%
98.3% Turkey
79%
99.7% Morocco
78%
96.6% Libya
77%
99.5% Tunisia
74%
93.9% Jordan
72%
99.8% Somalia
69%
95.4% Niger
64%
94.7% Turkmenistan
63%
93.9% Uzbekistan
62%
95.6% Tajikistan
58%
99.1% Mauritania
57%
96.9% Djibouti
46%
98.4% Maldives
42%
98.3% Comoros
33%
No matching quizzes found
Score Distribution
Percent of People with Each Score
Percentile by Number Answered
Your Score History
You have not taken this quiz